[Event "POL-chT 1st League"]
[Site "Leba"]
[Date "2023.09.30"]
[Round "8.5"]
[White "Rudzinska, Michalina"]
[Black "Kroliczek, Gabriela"]
[Result "1-0"]
[WhiteElo "2228"]
[BlackElo "1956"]
[PlyCount "109"]
[EventDate "2023.09.23"]
[EventType "team-swiss"]
[EventRounds "9"]
[EventCountry "POL"]
[SourceTitle "EXT 2024"]
[Source "ChessBase"]
[SourceDate "2023.10.10"]
[SourceVersion "1"]
[SourceVersionDate "2023.10.10"]
[SourceQuality "1"]
[WhiteTeam "Strzelce Opolskie Strzelec"]
[BlackTeam "Rybnik"]
[WhiteTeamCountry "POL"]
[BlackTeamCountry "POL"]

1. e4 c5 2. Nf3 e6 3. d4 cxd4 4. Nxd4 Bc5 5. Nb3 Bb6 6. Bd3 Ne7 7. c4 Nbc6 8. Nc3 0-0 9. 0-0 f5 10. c5 Bc7 11. Qe2 b6 12. Rd1 Ne5 13. exf5 Nxd3 14. Qxd3 Nxf5 15. Qe4 Rb8 16. Qg4 bxc5 17. Nxc5 d5 18. N5e4 Qh4 19. Qxh4 Nxh4 20. Nc5 Bd6 21. Nd3 Ba6 22. b3 Rbc8 23. Bb2 Ng6 24. a3 Bxd3 25. Rxd3 Nf4 26. Rd2 Be5 27. Rc1 d4 28. Na2 d3 29. Rxc8 Rxc8 30. Bxe5 Ne2+ 31. Kf1 Nc1 32. Nc3 Rd8 33. b4 Kf7 34. Ne4 Nb3 35. Rd1 Rd5 36. f4 d2 37. Nc5 Nc1 38. Bc3 Na2 39. Bxd2 Nc3 40. Rc1 Rxd2 41. Rxc3 Ra2 42. Re3 Kf6 43. Nxe6 h5 44. Nd4 Rd2 45. Nb5 Rd7 46. Kf2 g6 47. Kf3 Kf5 48. h3 a6 49. Nc3 h4 50. Re5+ Kf6 51. Nd5+ Kf7 52. Re7+ Rxe7 53. Nxe7 Kxe7 54. a4 Kd6 55. b5 1-0